| 000 | 01233cam a2200361 a 4500 | ||
|---|---|---|---|
| 001 | 4221 | ||
| 003 | FISKH | ||
| 005 | 20240705100620.0 | ||
| 008 | 000210s2001 maua j 000 1 eng | ||
| 010 | _a 00024200 | ||
| 020 | _a0763608491 (hardcover : alk. paper) | ||
| 020 | _a9780763648541 (hardcover) | ||
| 020 | _a9780439573023 | ||
| 020 | _a9781536200737 (paperback) | ||
| 040 |
_aDLC _cDLC _dDLC _beng |
||
| 050 | _aPZ7.M478419 | ||
| 082 | _a813.6 | ||
| 100 | 1 | _aMcDonald, Megan. | |
| 245 | 1 | 0 |
_aJudy Moody gets famous ! / _cMegan McDonald ; illustrated by Peter Reynolds. |
| 250 | _aFirst Scholastic printing, January 2002 | ||
| 260 |
_aNew York : _bScholastic, _c2001 |
||
| 300 |
_a126 pages : _billustrations ; _c20 cm |
||
| 505 | _aM | ||
| 520 | _aWhen a third grade classmate gets her picture in the paper for winning a spelling bee, Judy is determined to find a way to become famous herself. | ||
| 521 | 8 |
_a560
_bLexile |
|
| 521 | 8 |
_aM
_bRaz-Plus |
|
| 650 | 1 |
_aFame _vFiction. |
|
| 650 | 1 |
_aSiblings _vFiction. |
|
| 700 | 1 |
_aReynolds, Peter H. _q(Peter Hamilton), _d1961- _eillustrator |
|
| 906 |
_a7 _bcbc _corignew _d1 _eocip _f20 _gy-gencatlg |
||
| 942 |
_2ddc _cBK _n0 |
||
| 999 |
_c4221 _d4221 |
||